[Event "SVK-chT2C 2223"]
[Site "Slovakia"]
[Date "2022.11.26"]
[Round "5.7"]
[White "Sibrava, Patrik"]
[Black "Molnar, Lubomir"]
[Result "1/2-1/2"]
[WhiteElo "1828"]
[BlackElo "1879"]
[PlyCount "80"]
[EventDate "2022.10.08"]
[EventType "team-tourn"]
[EventRounds "11"]
[EventCountry "SVK"]
[SourceTitle "EXT 2024"]
[Source "ChessBase"]
[SourceDate "2023.10.10"]
[SourceVersion "1"]
[SourceVersionDate "2023.10.10"]
[SourceQuality "1"]
[WhiteTeam "Dunajov Martin III"]
[BlackTeam "Martin Medea"]
[WhiteTeamCountry "SVK"]
[BlackTeamCountry "SVK"]

1. e4 c5 2. Nf3 d6 3. d4 cxd4 4. Nxd4 Nf6 5. Nc3 a6 6. a3 e5 7. Nf3 h6 8. Bc4 Nc6 9. h3 b5 10. Ba2 Bb7 11. 0-0 Be7 12. Be3 0-0 13. Qd3 Rc8 14. Rac1 Na5 15. Nd2 Qc7 16. Nd5 Bxd5 17. Bxd5 Nxd5 18. Qxd5 Qc6 19. Qxc6 Rxc6 20. g4 Rfc8 21. c3 Nb7 22. Rfd1 Nc5 23. Bxc5 dxc5 24. Nf3 f6 25. Rd7 Bf8 26. Rcd1 b4 27. Ra7 bxa3 28. bxa3 R8c7 29. Ra8 Rc8 30. Ra7 R8c7 31. Ra8 Rc8 32. Rxc8 Rxc8 33. Rd7 c4 34. a4 Rc5 35. Rd5 Rc7 36. Kf1 Rb7 37. Nd2 Rb2 38. Nxc4 Rc2 39. Rd3 Bc5 40. Ne3 Ra2 1/2-1/2

[Event "SVK-chT2C 2122"]
[Site "Slovakia"]
[Date "2022.02.05"]
[Round "3.3"]
[White "Zavarsky, Juraj"]
[Black "Molnar, Lubomir"]
[Result "1-0"]
[WhiteElo "1953"]
[BlackElo "1888"]
[PlyCount "109"]
[EventDate "2021.10.16"]
[EventType "team-tourn"]
[EventRounds "11"]
[EventCountry "SVK"]
[SourceTitle "EXT 2023"]
[Source "ChessBase"]
[SourceDate "2022.10.05"]
[SourceVersion "1"]
[SourceVersionDate "2022.10.05"]
[SourceQuality "1"]
[WhiteTeam "Martin Medea"]
[BlackTeam "Bziny"]
[WhiteTeamCountry "SVK"]
[BlackTeamCountry "SVK"]

1. e4 c5 2. Nf3 d6 3. c3 Nf6 4. Be2 Nc6 5. d4 cxd4 6. cxd4 d5 7. exd5 Nxd5 8. Nc3 e6 9. 0-0 Be7 10. Re1 0-0 11. Bd3 Ncb4 12. Bb1 Nxc3 13. bxc3 Nd5 14. Qd3 g6 15. Ne5 Qc7 16. Bh6 Rd8 17. Bd2 Bd6 18. h4 Ne7 19. Ng4 Bf4 20. g3 Bd6 21. Bg5 f5 22. Ne5 Bxe5 23. Rxe5 Qxe5 24. dxe5 Rxd3 25. Bxd3 Nd5 26. c4 Nb4 27. Be2 Nc6 28. Bf6 Kf7 29. Rd1 Ke8 30. h5 Bd7 31. hxg6 hxg6 32. f4 Rc8 33. Kf2 Na5 34. Rh1 Kf7 35. Rh7+ Ke8 36. Re7+ Kd8 37. Rxe6+ Kc7 38. Re7 Re8 39. Rg7 Kc8 40. Rxg6 Be6 41. g4 fxg4 42. Bxg4 Bxg4 43. Rxg4 Nxc4 44. Rg7 a5 45. Ke2 Nd6 46. Kd3 Nf5 47. Rg5 Ne7 48. Bxe7 Rxe7 49. Ke4 Rh7 50. f5 Rh2 51. f6 Kd7 52. Rg7+ Ke8 53. Rxb7 Rxa2 54. Kd5 Rd2+ 55. Ke6 1-0

[Event "SVK-chT2C 1920"]
[Site "Slovakia"]
[Date "2020.01.26"]
[Round "7.7"]
[White "Slivka, David"]
[Black "Molnar, Lubomir"]
[Result "1/2-1/2"]
[WhiteElo "1927"]
[BlackElo "1921"]
[PlyCount "88"]
[EventDate "2019.10.26"]
[EventType "team-tourn"]
[EventRounds "11"]
[EventCountry "SVK"]
[SourceTitle "CBM 194 Extra"]
[Source "ChessBase"]
[SourceDate "2020.03.31"]
[SourceVersion "1"]
[SourceVersionDate "2020.03.31"]
[SourceQuality "1"]
[WhiteTeam "Zilina Mladost III"]
[BlackTeam "Bziny"]
[WhiteTeamCountry "SVK"]
[BlackTeamCountry "SVK"]

1. d4 d5 2. c4 e6 3. Nc3 Nf6 4. cxd5 exd5 5. Bg5 c6 6. Qc2 Nbd7 7. e3 Bd6 8. Bd3 0-0 9. Nge2 Qa5 10. 0-0 Qc7 11. Kh1 Re8 12. Rab1 h6 13. Bh4 a5 14. a3 b5 15. Rbc1 Ra7 16. Nd1 g5 17. Bg3 Nb8 18. Bxb5 Ba6 19. Bxa6 Rxa6 20. Bxd6 Qxd6 21. Ng3 Ne4 22. Nxe4 Rxe4 23. Nc3 Rh4 24. g3 Qf6 25. Qe2 Rh3 26. Nxd5 cxd5 27. Rc8+ Kg7 28. Rxb8 Qe6 29. Re8 Qxe8 30. Qxa6 h5 31. Qd3 Qe6 32. f4 h4 33. f5 Qd6 34. f6+ Kh6 35. Rf3 hxg3 36. Qf5 g2+ 37. Kxg2 Qxh2+ 38. Kf1 Qh1+ 39. Ke2 Rh2+ 40. Rf2 Rh4 41. b4 axb4 42. axb4 Qc1 43. Qd3 Rh1 44. Qd2 Qc4+ 1/2-1/2

[Event "SVK-chT2C 1920"]
[Site "Slovakia"]
[Date "2019.12.14"]
[Round "5.4"]
[White "Molnar, Lubomir"]
[Black "Brhel, Jan"]
[Result "1/2-1/2"]
[WhiteElo "1921"]
[BlackElo "2071"]
[PlyCount "90"]
[EventDate "2019.10.26"]
[EventType "team-tourn"]
[EventRounds "11"]
[EventCountry "SVK"]
[SourceTitle "CBM 194 Extra"]
[Source "ChessBase"]
[SourceDate "2020.03.31"]
[SourceVersion "1"]
[SourceVersionDate "2020.03.31"]
[SourceQuality "1"]
[WhiteTeam "Bziny"]
[BlackTeam "Rajecke Teplice"]
[WhiteTeamCountry "SVK"]
[BlackTeamCountry "SVK"]

1. e4 e5 2. Nc3 Nf6 3. g3 Be7 4. Bg2 d6 5. Nge2 c6 6. h3 Na6 7. d4 Bd7 8. Be3 Qc7 9. a4 Rd8 10. 0-0 Nb4 11. a5 Qc8 12. Kh2 c5 13. d5 h5 14. Bg5 Ng4+ 15. hxg4 hxg4+ 16. Bh6 Rxh6+ 17. Kg1 f6 18. Na4 Kf7 19. c3 Na6 20. b4 Rdh8 21. bxc5 Bxa4 22. Rxa4 Nxc5 23. Ra2 Bd8 24. Nc1 b6 25. a6 b5 26. Nb3 Bb6 27. Nxc5 Bxc5 28. Qb3 Rh3 29. Rb1 Rxg3 30. Kf1 Rxg2 31. Kxg2 g3 32. fxg3 Qh3+ 33. Kf3 g5 34. Qxb5 g4+ 35. Ke2 Qg2+ 36. Kd3 Qf3+ 37. Kc2 Qxe4+ 38. Kb2 Rh2+ 39. Ka1 Rxa2+ 40. Kxa2 Qxd5+ 41. Ka1 Qf3 42. Qc4+ Kg6 43. Rf1 Bf2 44. Qg8+ Kh6 45. Qh8+ Kg6 1/2-1/2

[Event "SVK-chT2C 1920"]
[Site "Slovakia"]
[Date "2019.11.17"]
[Round "4.7"]
[White "Molnar, Lubomir"]
[Black "Janovsky, Norbert"]
[Result "0-1"]
[WhiteElo "1921"]
[BlackElo "1000"]
[PlyCount "63"]
[EventDate "2019.10.26"]
[EventType "team-tourn"]
[EventRounds "11"]
[EventCountry "SVK"]
[SourceTitle "CBM 193 Extra"]
[Source "ChessBase"]
[SourceDate "2020.01.31"]
[SourceVersion "1"]
[SourceVersionDate "2020.01.31"]
[SourceQuality "1"]
[WhiteTeam "Bziny"]
[BlackTeam "Vinica"]
[WhiteTeamCountry "SVK"]
[BlackTeamCountry "SVK"]

1. Nf3 g6 2. d4 Nf6 3. c4 Bg7 4. Nc3 d6 5. e4 Nbd7 6. b3 c6 7. Be3 Qc7 8. Qd2 e5 9. Bh6 0-0 10. Bxg7 Kxg7 11. 0-0-0 a5 12. g4 h6 13. g5 hxg5 14. Qxg5 b5 15. cxb5 cxb5 16. Kb1 b4 17. Nb5 Qb8 18. dxe5 Nxe5 19. Rxd6 Nxe4 20. Qxe5+ f6 21. Qxe4 Bf5 22. Qxf5 gxf5 23. Rg1+ Kh8 24. Ne5 Rg8 25. Ng6+ Kh7 26. Rxf6 Qxh2 27. Rg5 Qh1 28. Nd6 Qxf1+ 29. Kc2 Qxf2+ 30. Kd3 Rad8 31. Kc4 Qb2 32. Re6 0-1

[Event "SVK-chT2C 1819"]
[Site "Slovakia"]
[Date "2018.12.15"]
[Round "5.7"]
[White "Mydliar, Jan"]
[Black "Molnar, Lubomir"]
[Result "0-1"]
[WhiteElo "1817"]
[BlackElo "1891"]
[PlyCount "88"]
[EventDate "2018.10.13"]
[EventType "team-tourn"]
[EventRounds "11"]
[EventCountry "SVK"]
[SourceTitle "CBM 189 Extra"]
[Source "ChessBase"]
[SourceDate "2019.06.03"]
[SourceVersion "1"]
[SourceVersionDate "2019.06.03"]
[SourceQuality "1"]
[WhiteTeam "Ruzomberok Montana"]
[BlackTeam "Bziny"]
[WhiteTeamCountry "SVK"]
[BlackTeamCountry "SVK"]

1. e4 c5 2. Nf3 d6 3. d4 cxd4 4. Nxd4 Nf6 5. Nc3 a6 6. g3 e5 7. Nde2 b5 8. Bg2 Bb7 9. 0-0 Nbd7 10. Bg5 h6 11. Bxf6 Nxf6 12. h3 Rc8 13. g4 Be7 14. Ng3 g6 15. Re1 Qc7 16. a3 Nd7 17. Nf1 h5 18. Ne3 Nb6 19. Qe2 hxg4 20. hxg4 Bg5 21. Ncd1 Bf4 22. c3 Bh2+ 23. Kf1 Qd8 24. Nd5 Bxd5 25. exd5 Qg5 26. Qe3 Qd8 27. Qe2 Bf4 28. Ne3 Rh2 29. Qf3 Qg5 30. Rad1 Na4 31. Re2 Nc5 32. Kg1 e4 33. Nf1 Kf8 34. Rxe4 Rxg2+ 35. Kxg2 Nxe4 36. Qxe4 Qxg4+ 37. Ng3 Qxd1 38. Qxf4 Qxd5+ 39. Kg1 Qd1+ 40. Kg2 Qd5+ 41. Kg1 Re8 42. f3 Qe5 43. Qg4 Qe1+ 44. Kg2 Qd2+ 0-1

[Event "SVK-chT2C 1718"]
[Site "Slovakia"]
[Date "2017.10.29"]
[Round "2.8"]
[White "Molnar, Lubomir"]
[Black "Slivka, David"]
[Result "1-0"]
[WhiteElo "1914"]
[BlackElo "1743"]
[PlyCount "81"]
[EventDate "2017.10.28"]
[EventType "team-tourn"]
[EventRounds "11"]
[EventCountry "SVK"]
[SourceTitle "CBM 181 Extra"]
[Source "ChessBase"]
[SourceDate "2017.12.12"]
[SourceVersion "1"]
[SourceVersionDate "2017.12.12"]
[SourceQuality "1"]
[WhiteTeam "Bziny"]
[BlackTeam "Cadca Caissa"]
[WhiteTeamCountry "SVK"]
[BlackTeamCountry "SVK"]

1. e4 e5 2. Nc3 Nf6 3. g3 Nc6 4. Bg2 Bc5 5. Nge2 d6 6. Na4 Bb6 7. Nxb6 axb6 8. 0-0 0-0 9. d3 Bg4 10. h3 Be6 11. c4 Nd7 12. Be3 f6 13. f4 Nc5 14. a3 Nd7 15. Qc2 Ne7 16. d4 c5 17. d5 Bf7 18. Nc3 Nc8 19. Bf3 Qe7 20. Rae1 Nb8 21. Bg4 Na6 22. Qb3 Qc7 23. Nb5 Qd8 24. Rf2 h5 25. Bf3 Nc7 26. Nc3 Qd7 27. f5 Ra5 28. Qd1 Qe8 29. Bd2 b5 30. Nxb5 Rxb5 31. cxb5 Nxb5 32. Qb3 Nca7 33. Bd1 Qb8 34. Qe3 Nd4 35. g4 h4 36. g5 Qd8 37. Rg2 Bxd5 38. exd5 Nxf5 39. Qe4 Qd7 40. Bg4 fxg5 41. Bxg5 1-0

[Event "SVK-chT2C 1617"]
[Site "Slovakia"]
[Date "2016.12.04"]
[Round "6.7"]
[White "Medvec, Miroslav"]
[Black "Molnar, Lubomir"]
[Result "1/2-1/2"]
[WhiteElo "1956"]
[BlackElo "1901"]
[PlyCount "108"]
[EventDate "2016.10.08"]
[EventType "team-tourn"]
[EventRounds "11"]
[EventCountry "SVK"]
[SourceTitle "EXT 2018"]
[Source "ChessBase"]
[SourceDate "2017.10.13"]
[SourceVersion "1"]
[SourceVersionDate "2017.10.13"]
[SourceQuality "1"]
[WhiteTeam "Liptov Chess School III"]
[BlackTeam "Dolny Kubin"]
[WhiteTeamCountry "SVK"]
[BlackTeamCountry "SVK"]

1. e4 c5 2. Nf3 d6 3. d4 cxd4 4. Nxd4 Nf6 5. Nc3 a6 6. Bg5 e6 7. f4 Nbd7 8. Qf3 Qc7 9. 0-0-0 b5 10. Bd3 Bb7 11. Rhe1 Qb6 12. Bf1 Be7 13. Qg3 b4 14. Na4 Qa5 15. b3 Nxe4 16. Rxe4 Bxe4 17. Bxe7 Kxe7 18. Re1 Qd5 19. Qe3 Nf6 20. Nb6 Qc5 21. Nxa8 Rxa8 22. Bd3 Bxd3 23. Qxd3 Kf8 24. Rxe6 a5 25. Re2 a4 26. Kb1 Nd5 27. Rd2 Re8 28. Nf3 Nxf4 29. Qxd6+ Qxd6 30. Rxd6 a3 31. Rd4 Ne2 32. Rxb4 Nc3+ 33. Ka1 Re2 34. Rb8+ Ke7 35. Ra8 Nb5 36. c4 Rf2 37. Kb1 Nc3+ 38. Kc1 Rxa2 39. Nd4 Rxg2 40. Rxa3 Rxh2 41. b4 Na2+ 42. Kb1 Nxb4 43. Rb3 Kd6 44. Rxb4 Kc5 45. Rb7 Kxd4 46. Rxf7 Rg2 47. Rf4+ Kc5 48. Rh4 h6 49. Kc1 Kb4 50. Kd1 Kc5 51. Kc1 Kd6 52. Kd1 Ke5 53. Rh5+ Kd6 54. Rh4 Kc5 1/2-1/2

[Event "SVK-chT2C 1617"]
[Site "Slovakia"]
[Date "2016.12.03"]
[Round "5.7"]
[White "Molnar, Lubomir"]
[Black "Galbavy, Dusan"]
[Result "1-0"]
[WhiteElo "1901"]
[BlackElo "1777"]
[PlyCount "85"]
[EventDate "2016.10.08"]
[EventType "team-tourn"]
[EventRounds "11"]
[EventCountry "SVK"]
[SourceTitle "EXT 2018"]
[Source "ChessBase"]
[SourceDate "2017.10.13"]
[SourceVersion "1"]
[SourceVersionDate "2017.10.13"]
[SourceQuality "1"]
[WhiteTeam "Dolny Kubin"]
[BlackTeam "Martin Medea"]
[WhiteTeamCountry "SVK"]
[BlackTeamCountry "SVK"]

1. b3 d5 2. Bb2 c5 3. e3 Nc6 4. Bb5 Qb6 5. Be2 e5 6. Nc3 Be6 7. Nf3 f6 8. d3 a6 9. 0-0 Nh6 10. Na4 Qc7 11. Ba3 b6 12. c4 d4 13. exd4 exd4 14. Re1 Bd6 15. Bf1 Kf7 16. h3 Rae8 17. Bc1 Nf5 18. a3 h5 19. Ra2 b5 20. Nb2 g5 21. Nd2 g4 22. Ne4 Bh2+ 23. Kh1 Ne5 24. cxb5 Nh4 25. Nc4 gxh3 26. Ncd6+ Ke7 27. Kxh2 hxg2 28. Bxg2 Reg8 29. f3 Rxg2+ 30. Rxg2 Nexf3+ 31. Kh1 Bg4 32. Bf4 Ne5 33. Bxe5 fxe5 34. Rxg4 hxg4 35. Rf1 Nf3+ 36. Kg2 Qd8 37. Rh1 Qf8 38. Rxh8 Qxh8 39. Qh1 Ne1+ 40. Qxe1 Qh3+ 41. Kg1 Qxd3 42. Qh4+ Kd7 43. Nxc5+ 1-0

[Event "SVK-chT2C 1617"]
[Site "Slovakia"]
[Date "2016.11.05"]
[Round "3.7"]
[White "Kollar, Vladimir"]
[Black "Molnar, Lubomir"]
[Result "0-1"]
[WhiteElo "1941"]
[BlackElo "1901"]
[PlyCount "68"]
[EventDate "2016.10.08"]
[EventType "team-tourn"]
[EventRounds "11"]
[EventCountry "SVK"]
[SourceTitle "CBM 175 Extra"]
[Source "ChessBase"]
[SourceDate "2016.12.12"]
[SourceVersion "1"]
[SourceVersionDate "2016.12.12"]
[SourceQuality "1"]
[WhiteTeam "Dunajov Inbest II"]
[BlackTeam "Dolny Kubin"]
[WhiteTeamCountry "SVK"]
[BlackTeamCountry "SVK"]

1. e4 c5 2. c3 Nf6 3. e5 Nd5 4. Nf3 e6 5. d4 cxd4 6. cxd4 d6 7. Be2 Nc6 8. exd6 Bxd6 9. 0-0 0-0 10. Nc3 Nxc3 11. bxc3 b6 12. Bb2 Bb7 13. Bd3 Rc8 14. Qe2 Na5 15. Rac1 Qf6 16. Ne5 Bxe5 17. dxe5 Qf4 18. Rce1 Rfd8 19. Bc1 Qh4 20. Bb1 Bd5 21. Rd1 Rxc3 22. Rfe1 Rcc8 23. h3 Rc7 24. Kh2 Rdc8 25. g3 Qe7 26. Qh5 g6 27. Qh6 Qf8 28. Qh4 h5 29. Bg5 Rc4 30. Rd4 Rxd4 31. Qxd4 Rc4 32. Qe3 Qc5 33. Qe2 Nc6 34. Bf6 Nd4 0-1

[Event "SVK-chT2C 1516"]
[Site "Slovakia"]
[Date "2015.10.18"]
[Round "2.7"]
[White "Topolovsky, Vincent"]
[Black "Molnar, Lubomir"]
[Result "1-0"]
[WhiteElo "1937"]
[BlackElo "1924"]
[PlyCount "77"]
[EventDate "2015.10.17"]
[EventType "team-tourn"]
[EventRounds "11"]
[EventCountry "SVK"]
[SourceTitle "CBM 169 Extra"]
[Source "ChessBase"]
[SourceDate "2015.12.18"]
[SourceVersion "1"]
[SourceVersionDate "2015.12.18"]
[SourceQuality "1"]
[WhiteTeam "Banska Bystrica Kurta"]
[BlackTeam "Dolny Kubin"]
[WhiteTeamCountry "SVK"]
[BlackTeamCountry "SVK"]

1. Nf3 f5 2. c4 g6 3. d4 Nf6 4. Nc3 Bg7 5. Qc2 d6 6. e3 Na6 7. a3 c6 8. Bd3 0-0 9. Rb1 Nc7 10. 0-0 Qe8 11. e4 fxe4 12. Nxe4 Bg4 13. Ned2 Nh5 14. h3 Bd7 15. Qb3 Qc8 16. Re1 Nf4 17. Bf1 Bf5 18. Ra1 Kh8 19. Ne4 Nfe6 20. Qd1 Qd7 21. Nc3 c5 22. Be3 cxd4 23. Nxd4 Nxd4 24. Bxd4 e5 25. Be3 Bf6 26. Qd2 Rfd8 27. Red1 b6 28. Bg5 Qe7 29. Bxf6+ Qxf6 30. Qe3 Rac8 31. Rd2 Rd7 32. Qf3 Qd8 33. Rad1 Ne6 34. Nb5 Ng5 35. Qe2 Rc6 36. Nxd6 Rcxd6 37. Rxd6 Nf7 38. Rxd7 Bxd7 39. Qd2 1-0

[Event "SVK-chT1E 1314"]
[Site "Slovakia"]
[Date "2014.03.22"]
[Round "10.6"]
[White "Molnar, Lubomir"]
[Black "Trebula, Jozef"]
[Result "0-1"]
[WhiteElo "1988"]
[BlackElo "2044"]
[PlyCount "190"]
[EventDate "2013.10.12"]
[EventType "team-tourn"]
[EventRounds "11"]
[EventCountry "SVK"]
[SourceTitle "EXT 2015"]
[Source "ChessBase"]
[SourceDate "2014.11.20"]
[SourceVersion "1"]
[SourceVersionDate "2014.11.20"]
[SourceQuality "1"]
[WhiteTeam "Dolny Kubin"]
[BlackTeam "Banska Bystrica TH"]
[WhiteTeamCountry "SVK"]
[BlackTeamCountry "SVK"]

1. e4 e6 2. d4 d5 3. Nd2 Nf6 4. Bd3 Be7 5. Ngf3 0-0 6. 0-0 c5 7. exd5 exd5 8. dxc5 Bxc5 9. Nb3 Bb6 10. h3 Nc6 11. c3 Qd6 12. Re1 Bxh3 13. Nbd4 Bg4 14. Be3 Nxd4 15. cxd4 Qb4 16. a3 Qd6 17. Qd2 Bxf3 18. gxf3 Bc7 19. Kf1 Nh5 20. Qc2 g6 21. Rac1 Bb6 22. Qd2 Rfe8 23. Kg2 Re6 24. Be2 Rae8 25. Bb5 Bc7 26. Rxc7 Qxc7 27. Bxe8 Rxe8 28. Rc1 Qd6 29. Rc3 f5 30. Bg5 Ng7 31. Bf4 Qb6 32. Be5 Ne6 33. Qh6 Qd8 34. f4 Qe7 35. Rc1 Rd8 36. f3 Qd7 37. Qh4 Rf8 38. Rc3 Qb5 39. Qf2 Qa4 40. Qe3 Re8 41. Qd2 Qb5 42. Kg3 Qb6 43. Rc2 Qb5 44. Kf2 Qd7 45. Qc1 Qd8 46. Qh1 Qd7 47. Qc1 Rd8 48. Bf6 Rf8 49. Be5 Re8 50. Rc3 Qb5 51. Rc2 Qa4 52. Qd2 Kf7 53. Rc3 Rg8 54. Qd3 Qd7 55. Qc2 Qd8 56. Ke3 Re8 57. Qa4 Qh4 58. Qc2 Qe1+ 59. Kd3 Qf1+ 60. Kd2 Qf2+ 61. Kc1 Qxc2+ 62. Rxc2 Ke7 63. Rh2 Rc8+ 64. Kd2 h5 65. Kd3 Rc1 66. Ke3 Re1+ 67. Kd3 Rf1 68. Ke2 Rg1 69. Kf2 Rc1 70. Ke3 Nd8 71. Rg2 Kf7 72. Rh2 Nc6 73. Bh8 Na5 74. Kd3 Nc4 75. Be5 Rd1+ 76. Kc3 Rf1 77. Bb8 Rxf3+ 78. Kb4 a6 79. b3 Nb6 80. Rc2 Re3 81. Be5 Nd7 82. Rc7 Ke6 83. Rxb7 Nxe5 84. dxe5 Re4+ 85. Kc5 Rxf4 86. Rb6+ Kxe5 87. Rxa6 g5 88. b4 Rc4+ 89. Kb5 f4 90. Rg6 Kf5 91. Rb6 Ke4 92. a4 f3 93. Re6+ Kf5 94. Rd6 Rd4 95. Kc5 Rd1 0-1

[Event "SVK-chT1E 1314"]
[Site "Slovakia"]
[Date "2013.10.13"]
[Round "2.6"]
[White "Harvan, Richard"]
[Black "Molnar, Lubomir"]
[Result "1-0"]
[WhiteElo "2072"]
[BlackElo "1988"]
[PlyCount "80"]
[EventDate "2013.10.12"]
[EventType "team-tourn"]
[EventRounds "11"]
[EventCountry "SVK"]
[SourceTitle "EXT 2015"]
[Source "ChessBase"]
[SourceDate "2014.11.20"]
[SourceVersion "1"]
[SourceVersionDate "2014.11.20"]
[SourceQuality "1"]
[WhiteTeam "Humenne"]
[BlackTeam "Dolny Kubin"]
[WhiteTeamCountry "SVK"]
[BlackTeamCountry "SVK"]

1. e4 c5 2. Nf3 d6 3. d4 cxd4 4. Nxd4 Nf6 5. Nc3 a6 6. f3 e6 7. Be3 b5 8. g4 h6 9. Qd2 Nbd7 10. 0-0-0 Bb7 11. Rg1 b4 12. Nb1 d5 13. h4 g6 14. g5 hxg5 15. hxg5 Nh5 16. Bh3 Ng7 17. Rh1 Rg8 18. Bg2 Qa5 19. a3 0-0-0 20. axb4 Bxb4 21. c3 Be7 22. Nb3 Qa4 23. Qc2 dxe4 24. fxe4 Nh5 25. Rd4 Qb5 26. Na3 Qe5 27. Nc4 Qc7 28. Rhd1 Kb8 29. Nd6 Bxd6 30. Rxd6 Bc6 31. Qf2 Rgf8 32. Bf3 Ng7 33. Kb1 Ne8 34. Rxc6 Qxc6 35. e5 Qc7 36. Nd4 Nxe5 37. Bf4 Ng7 38. Nc6+ Kc8 39. Rxd8+ Rxd8 40. Bxe5 Qd7 1-0

[Event "SVK-chT2C 1213"]
[Site "Slovakia"]
[Date "2013.03.17"]
[Round "11.8"]
[White "Molnar, Lubomir"]
[Black "Klaska, Bohuslav"]
[Result "1-0"]
[WhiteElo "2002"]
[BlackElo "1899"]
[PlyCount "97"]
[EventDate "2012.10.13"]
[EventType "team-tourn"]
[EventRounds "11"]
[EventCountry "SVK"]
[SourceTitle "EXT 2015"]
[Source "ChessBase"]
[SourceDate "2014.11.20"]
[SourceVersion "1"]
[SourceVersionDate "2014.11.20"]
[SourceQuality "1"]
[WhiteTeam "Dolny Kubin"]
[BlackTeam "Zvolen Slavia"]
[WhiteTeamCountry "SVK"]
[BlackTeamCountry "SVK"]

1. b3 c5 2. Bb2 d5 3. e3 Nc6 4. Nf3 e6 5. c4 d4 6. d3 e5 7. e4 f5 8. exf5 Bxf5 9. Be2 e4 10. dxe4 Bxe4 11. Nbd2 Bg6 12. Ng1 Nb4 13. Kf1 Nf6 14. Nh3 Bd6 15. Ng5 Qd7 16. a3 Nd3 17. Bxd3 Bxd3+ 18. Kg1 0-0 19. Nf1 Qf5 20. Nf3 Bc2 21. Qd2 Bf4 22. Ng3 Bxd2 23. Nxf5 Ne4 24. Ne7+ Kh8 25. b4 b6 26. h4 Bf4 27. h5 Nd2 28. h6 g6 29. Nxd4 Be5 30. Nec6 Nxc4 31. Nxe5 Nxb2 32. Nxc2 Rae8 33. Nf3 Re2 34. Ne3 Rd8 35. bxc5 bxc5 36. Re1 Rxe1+ 37. Nxe1 c4 38. N1c2 c3 39. Rh4 Rd2 40. Rd4 Kg8 41. Rb4 Nd1 42. Rb8+ Kf7 43. Rb7+ Kg8 44. Rg7+ Kf8 45. Rc7 Ke8 46. Nxd1 Rxd1+ 47. Kh2 Rd3 48. Nb4 Rd4 49. Rxc3 1-0

[Event "SVK-chT2C 1213"]
[Site "Slovakia"]
[Date "2013.02.16"]
[Round "8.7"]
[White "Molnar, Lubomir"]
[Black "Staffen, Richard"]
[Result "0-1"]
[WhiteElo "2002"]
[BlackElo "1883"]
[PlyCount "86"]
[EventDate "2012.10.13"]
[EventType "team-tourn"]
[EventRounds "11"]
[EventCountry "SVK"]
[SourceTitle "EXT 2015"]
[Source "ChessBase"]
[SourceDate "2014.11.20"]
[SourceVersion "1"]
[SourceVersionDate "2014.11.20"]
[SourceQuality "1"]
[WhiteTeam "Dolny Kubin"]
[BlackTeam "Zilina Mladost II"]
[WhiteTeamCountry "SVK"]
[BlackTeamCountry "SVK"]

1. e4 c5 2. Nf3 e6 3. d4 cxd4 4. Nxd4 a6 5. Nc3 Qc7 6. Be2 Nf6 7. 0-0 Be7 8. Be3 0-0 9. f4 d6 10. Kh1 e5 11. Nb3 b5 12. a4 b4 13. Nd5 Nxd5 14. exd5 exf4 15. Rxf4 a5 16. Bd3 Nd7 17. Qh5 g6 18. Qh6 Ne5 19. Bd4 Qd8 20. h4 Bf6 21. Raf1 Bg7 22. Qg5 Qxg5 23. hxg5 Nxd3 24. cxd3 Bb7 25. Bxg7 Kxg7 26. Rf6 Bxd5 27. Nd4 Rad8 28. Nb5 Be6 29. Nd4 d5 30. Rxe6 fxe6 31. Nxe6+ Kg8 32. Rxf8+ Rxf8 33. Nxf8 Kxf8 34. Kh2 Ke7 35. Kg3 Ke6 36. Kf4 Kd6 37. b3 Ke6 38. Ke3 Ke5 39. g3 d4+ 40. Kf3 Kf5 41. g4+ Kxg5 42. Ke4 Kxg4 43. Kxd4 h5 0-1

[Event "SVK-chT2C 1213"]
[Site "Slovakia"]
[Date "2012.12.15"]
[Round "5.8"]
[White "Molnar, Lubomir"]
[Black "Adamciak, Tomas"]
[Result "0-1"]
[WhiteElo "2002"]
[BlackElo "1805"]
[PlyCount "81"]
[EventDate "2012.10.13"]
[EventType "team-tourn"]
[EventRounds "11"]
[EventCountry "SVK"]
[SourceTitle "EXT 2015"]
[Source "ChessBase"]
[SourceDate "2014.11.20"]
[SourceVersion "1"]
[SourceVersionDate "2014.11.20"]
[SourceQuality "1"]
[WhiteTeam "Dolny Kubin"]
[BlackTeam "Liptov Chess School II"]
[WhiteTeamCountry "SVK"]
[BlackTeamCountry "SVK"]

1. b3 d5 2. Bb2 c5 3. e3 e6 4. Nf3 Nf6 5. Be2 Bd6 6. 0-0 0-0 7. Ne5 Qc7 8. f4 Nbd7 9. d4 b6 10. Nd2 Bb7 11. Bd3 Rfe8 12. Ndf3 Ne4 13. Bb5 Bxe5 14. Nxe5 Nef6 15. Nxd7 Nxd7 16. dxc5 bxc5 17. Qg4 g6 18. Qg5 Bc6 19. Bxc6 Qxc6 20. Rf3 Qd6 21. Rh3 Qe7 22. Qh6 f6 23. Rf1 Qg7 24. Qh4 Rac8 25. g4 c4 26. Bd4 e5 27. fxe5 fxe5 28. Bb2 cxb3 29. cxb3 Rc2 30. Rf2 Rxf2 31. Qxf2 Nf6 32. Qd2 Qd7 33. Qg2 Nxg4 34. Rf3 d4 35. e4 Ne3 36. Qd2 Qg4+ 37. Rg3 Rf8 38. Qe1 Qxe4 39. Rxe3 dxe3 40. Bc1 e2 41. Qd1 0-1

[Event "IBCA-ol blind 14th"]
[Site "Chennai"]
[Date "2012.08.18"]
[Round "8.1"]
[White "Moradiyan, Meysam"]
[Black "Molnar, Lubomir"]
[Result "1/2-1/2"]
[WhiteElo "1992"]
[BlackElo "1981"]
[PlyCount "108"]
[EventDate "2012.08.10"]
[EventType "team-swiss"]
[EventRounds "9"]
[EventCountry "IND"]
[SourceTitle "CBM 149 Extra"]
[Source "ChessBase"]
[SourceDate "2012.08.24"]
[SourceVersion "1"]
[SourceVersionDate "2012.08.24"]
[SourceQuality "1"]
[WhiteTeam "Iran"]
[BlackTeam "Slovakia"]
[WhiteTeamCountry "IRI"]
[BlackTeamCountry "SVK"]

1. e4 c5 2. c4 Nc6 3. Nc3 g6 4. g3 Bg7 5. Bg2 d6 6. d3 e6 7. Nge2 Nge7 8. Be3 Nd4 9. 0-0 Nec6 10. Qd2 Rb8 11. Bh6 0-0 12. Bxg7 Kxg7 13. f4 a6 14. Nxd4 Nxd4 15. e5 Qc7 16. Ne4 dxe5 17. fxe5 Qxe5 18. Nf6 Nf5 19. Ne4 f6 20. Qf2 Qd4 21. Nxc5 Qxf2+ 22. Rxf2 b6 23. Nb3 Rd8 24. d4 Ne3 25. Rc1 a5 26. Bc6 Rd6 27. Bb5 Bb7 28. Re2 Nf5 29. g4 Nxd4 30. Nxd4 Rxd4 31. Rxe6 Rxg4+ 32. Kf1 Rf4+ 33. Kg1 Be4 34. Rd6 h5 35. Rf1 Rg4+ 36. Kf2 Rg2+ 37. Ke3 f5 38. Rf2 Rxf2 39. Kxf2 h4 40. a3 Kh6 41. b4 axb4 42. axb4 Kg5 43. Ba6 f4 44. c5 bxc5 45. b5 c4 46. Rd4 Bd3 47. Kf3 Re8 48. b6 Re3+ 49. Kf2 Re2+ 50. Kf3 Re3+ 51. Kf2 Kg4 52. Bc8+ Kg5 53. Ba6 Re2+ 54. Kf3 Re3+ 1/2-1/2

[Event "Zilina Region-ch"]
[Site "Zilina"]
[Date "2011.05.08"]
[Round "7"]
[White "Piroha, Miroslav"]
[Black "Molnar, Lubomir"]
[Result "1-0"]
[WhiteElo "1943"]
[BlackElo "1987"]
[PlyCount "75"]
[EventDate "2011.05.06"]
[EventType "swiss"]
[EventRounds "7"]
[EventCountry "SVK"]
[SourceTitle "EXT 2012"]
[Source "ChessBase"]
[SourceDate "2011.11.24"]
[SourceVersion "1"]
[SourceVersionDate "2011.11.24"]
[SourceQuality "1"]

1. d4 d5 2. c4 c6 3. Nc3 e6 4. Nf3 dxc4 5. a4 Bb4 6. e3 b5 7. Bd2 a5 8. Ne5 Nf6 9. b3 Bxc3 10. Bxc3 b4 11. Bb2 c3 12. Bc1 Qd5 13. Be2 Ba6 14. Bf3 Qd8 15. Nc4 Bxc4 16. bxc4 0-0 17. 0-0 e5 18. Qb3 exd4 19. exd4 Re8 20. g3 Qxd4 21. Bf4 Qb6 22. Rad1 Nbd7 23. Rd6 Rac8 24. Kg2 Nc5 25. Qc2 Qa6 26. Rxf6 gxf6 27. Qf5 Qxc4 28. Re1 Nd3 29. Re4 Nxf4+ 30. gxf4 Qb3 31. Re3 Re6 32. Be4 Rce8 33. Rg3+ Kf8 34. Qc5+ R8e7 35. Bxh7 Ke8 36. Rg8+ Kd7 37. Qa7+ Kd6 38. Rd8+ 1-0